[Event "Tch-CRO 1stA liga 2016"]
[Site "Sibenik"]
[Date "2016.10.14"]
[Round "7.2"]
[White "Cvorovic, Drazen"]
[Black "Susak, Zeljko"]
[Result "1-0"]
[WhiteElo "2437"]
[BlackElo "2206"]
[PlyCount "75"]
[EventDate "2016.??.??"]
[EventCountry "CRO"]

1. Nf3 d5 2. g3 Nc6 3. d4 Bg4 4. Nbd2 e6 5. Bg2 Nf6 6. O-O Be7 7. b3 O-O 8. Bb2
Nb4 9. a3 Na6 10. b4 c6 11. Ne5 Bf5 12. Nb3 Nd7 13. Nxd7 Qxd7 14. f3 Bg6 15.
Rc1 b6 16. c4 Rac8 17. c5 Bg5 18. f4 Bd8 19. e3 Nc7 20. Rf2 b5 21. Bc3 f6 22.
Ra2 Bf7 23. Rca1 a6 24. a4 Be7 25. Bf1 Ra8 26. Qc2 Rfc8 27. Bd3 Bf8 28. Bxh7+
Kh8 29. Bd3 Qe8 30. axb5 cxb5 31. Nd2 e5 32. dxe5 d4 33. Bxd4 fxe5 34. Bxe5 Nd5
35. Qb2 Nxe3 36. Rxa6 Rxa6 37. Rxa6 Qd7 38. Rh6+ 1-0

[Event "Tch-CRO 1stA liga 2016"]
[Site "Sibenik"]
[Date "2016.10.14"]
[Round "7.3"]
[White "Postny, Evgeny"]
[Black "Repka, Christopher"]
[Result "1/2-1/2"]
[WhiteElo "2611"]
[BlackElo "2473"]
[PlyCount "89"]
[EventDate "2016.??.??"]
[EventCountry "CRO"]

1. d4 Nf6 2. c4 e6 3. Nf3 Bb4+ 4. Bd2 a5 5. g3 O-O 6. Bg2 d5 7. O-O dxc4 8. Bg5
Ra6 9. Qc2 b5 10. Bxf6 Qxf6 11. a3 Bd6 12. a4 c6 13. Nc3 Bd7 14. Ne4 Qe7 15.
Nxd6 Qxd6 16. Ng5 f5 17. Nf3 Be8 18. b3 cxb3 19. Qxb3 Bh5 20. axb5 cxb5 21.
Qxb5 Bxf3 22. Bxf3 Nd7 23. e3 Rb8 24. Qc4 Rb4 25. Qc8+ Kf7 26. Rfc1 Rb8 27. Qc3
a4 28. Ra2 Nb6 29. Qd3 Nd7 30. Rc3 Ra7 31. Qc2 Qb4 32. Kg2 Qb1 33. Qd2 Nf6 34.
d5 exd5 35. Bxd5+ Kg6 36. Bf3 Rb3 37. Rc1 Qd3 38. Qxd3 Rxd3 39. Be2 Rd5 40. Rc3
Rda5 41. Raa3 Kf7 42. Rc6 Ke7 43. h3 Nd7 44. g4 fxg4 45. Bxg4 1/2-1/2

[Event "Tch-CRO 1stA liga 2016"]
[Site "Sibenik"]
[Date "2016.10.14"]
[Round "7.3"]
[White "Zajic, Milan"]
[Black "Drazic, Sinisa"]
[Result "1/2-1/2"]
[WhiteElo "2486"]
[BlackElo "2430"]
[PlyCount "135"]
[EventDate "2016.??.??"]
[EventCountry "CRO"]

1. e4 c6 2. Nf3 d5 3. Nc3 dxe4 4. Nxe4 Nf6 5. Nxf6+ exf6 6. Bc4 Qe7+ 7. Qe2
Qxe2+ 8. Bxe2 Bd6 9. a4 O-O 10. b3 Re8 11. Ba3 Bc7 12. Kf1 Bf5 13. d3 Na6 14.
Nd2 Rad8 15. h4 Be5 16. Rd1 c5 17. Nc4 Bd4 18. Bb2 Bxb2 19. Nxb2 Nb4 20. Rd2 b6
21. g3 g6 22. Kg2 h5 23. Bf3 Re7 24. Nc4 Bg4 25. Ra1 Kg7 26. Ne3 f5 27. Be2 Nc6
28. Rb1 Nd4 29. Bd1 Bxd1 30. Rbxd1 Re6 31. Rb1 Nc6 32. Re1 Nb4 33. Ra1 Kf6 34.
Rad1 Red6 35. f4 Re6 36. Kf2 Na2 37. Re1 Nc3 38. Nc4 Rxe1 39. Kxe1 Ke6 40. Ne3
Re8 41. Kf2 a6 42. Nd1 Nxd1+ 43. Rxd1 Kd6 44. Re1 Ra8 45. Ra1 f6 46. Ke3 Re8+
47. Kf2 Rg8 48. Re1 Ra8 49. Ra1 Rg8 50. Re1 Ra8 51. Ra1 Rg8 52. Kf3 Re8 53. Kf2
Rg8 54. Rd1 g5 55. hxg5 fxg5 56. fxg5 Rxg5 57. Rh1 b5 58. Rh4 b4 59. d4 a5 60.
Kf3 Kd5 61. dxc5 Kxc5 62. Rc4+ Kd5 63. Rh4 Ke5 64. Rc4 Kd5 65. Rc8 Kd4 66. Rc4+
Kd5 67. Rf4 Ke5 68. Rc4 1/2-1/2

[Event "Tch-CRO 1stA liga 2016"]
[Site "Sibenik"]
[Date "2016.10.14"]
[Round "7.3"]
[White "Djurovic, Goran"]
[Black "Medak, Bojan"]
[Result "1-0"]
[WhiteElo "2398"]
[BlackElo "2386"]
[PlyCount "107"]
[EventDate "2016.??.??"]
[EventCountry "CRO"]

1. c4 Nf6 2. b3 e5 3. Bb2 Nc6 4. e3 d5 5. cxd5 Nxd5 6. a3 Be7 7. Qc2 O-O 8. Nf3
Bf6 9. d3 Re8 10. Nbd2 g6 11. Be2 a5 12. O-O Nb6 13. Ne4 Bg7 14. Nc5 Nd7 15.
Na4 Nf8 16. Rac1 Ne6 17. Qb1 Qd6 18. Qa1 Bd7 19. Nd2 Qe7 20. Rc2 Rad8 21. Rfc1
f6 22. Nc5 Nxc5 23. Rxc5 Bf5 24. Qb1 Qf7 25. R5c3 Re7 26. Ne4 Na7 27. b4 axb4
28. axb4 Nb5 29. Rc5 c6 30. Ng3 Be6 31. d4 exd4 32. Bxb5 cxb5 33. Bxd4 Bc4 34.
h4 Re6 35. h5 b6 36. hxg6 hxg6 37. R5xc4 bxc4 38. Rxc4 Red6 39. Qc2 f5 40. Rc7
R8d7 41. Rc8+ Kh7 42. Ne2 Qe7 43. g3 Ra7 44. b5 Bxd4 45. Nxd4 Rd5 46. Qc6 Rc5
47. Qh1+ Kg7 48. Qh8+ Kf7 49. Qg8+ Kf6 50. Rf8+ Kg5 51. Qh8 Rc1+ 52. Kg2 Qh7
53. Nf3+ Kh6 54. Qb2 1-0

[Event "Tch-CRO 1stA liga 2016"]
[Site "Sibenik"]
[Date "2016.10.14"]
[Round "7.3"]
[White "Blazeka, Matej"]
[Black "Bukal, Vladimir Jr"]
[Result "1/2-1/2"]
[WhiteElo "2266"]
[BlackElo "2422"]
[PlyCount "146"]
[EventDate "2016.??.??"]
[EventCountry "CRO"]

1. c4 e6 2. d4 f5 3. g3 Nf6 4. Bg2 d5 5. Nf3 Bd6 6. O-O c6 7. b3 Qe7 8. Bb2 b6
9. Qc1 Bb7 10. Ba3 Nbd7 11. Bxd6 Qxd6 12. Na3 O-O 13. Qb2 Ne4 14. cxd5 exd5 15.
Nc2 f4 16. Nce1 fxg3 17. hxg3 c5 18. Nd3 c4 19. Nde5 c3 20. Qc2 Ndf6 21. a4 Bc8
22. Nh2 Be6 23. g4 Rac8 24. Rfd1 Nxf2 25. Kxf2 Nxg4+ 26. Kg1 Ne3 27. Qd3 Nxd1
28. Rxd1 Bf5 29. Qe3 Rc7 30. Rc1 c2 31. Nhf3 Be4 32. Ng5 Bxg2 33. Kxg2 Qf6 34.
Nd3 h6 35. Qe6+ Kh8 36. Qxf6 Rxf6 37. Nf3 a5 38. Nfe5 Kh7 39. b4 Rc3 40. b5 Ra3
41. Rxc2 Rxa4 42. e3 Ra1 43. Nf4 a4 44. Rc7 h5 45. Nxh5 Rff1 46. Nf3 a3 47.
Nxg7 a2 48. Nf5+ Kg6 49. Ne7+ Kh5 50. Ra7 Rxf3 51. Kxf3 Rf1+ 52. Ke2 a1=Q 53.
Rxa1 Rxa1 54. Nxd5 Ra5 55. Nxb6 Rxb5 56. Nc4 Kg4 57. Kd3 Rb1 58. Ke4 Rc1 59.
Kd5 Kf5 60. e4+ Kf6 61. Nd6 Ke7 62. Nf5+ Kd7 63. e5 Re1 64. Ng3 Re3 65. Ne4 Re1
66. Nc5+ Ke7 67. Kc6 Re2 68. e6 Re1 69. d5 Rd1 70. Nb3 Rd3 71. Nc5 Rd1 72. Ne4
Rc1+ 73. Nc5 Rd1 1/2-1/2

[Event "Tch-CRO 1stA liga 2016"]
[Site "Sibenik"]
[Date "2016.10.14"]
[Round "7.3"]
[White "Dutina, Dario"]
[Black "Brumen, Dinko"]
[Result "1/2-1/2"]
[WhiteElo "2304"]
[BlackElo "2338"]
[PlyCount "101"]
[EventDate "2016.??.??"]
[EventCountry "CRO"]

1. e4 c5 2. Nc3 Nc6 3. f4 g6 4. Nf3 Bg7 5. Bc4 e6 6. f5 Nge7 7. fxe6 fxe6 8. d3
d5 9. Bb3 O-O 10. O-O Nd4 11. Nxd4 cxd4 12. Rxf8+ Qxf8 13. Ne2 a5 14. a4 Kh8
15. Ng3 Bd7 16. Bd2 Qf6 17. Qe2 dxe4 18. Nxe4 Qe5 19. Re1 h6 20. Qg4 Rf8 21.
Ng5 Qf6 22. Nf3 Nf5 23. Bxa5 Ne3 24. Qg3 Bc6 25. Bc7 Nxg2 26. Qxg2 Bxf3 27. Qg3
Bd5 28. Be5 Qf5 29. Bxd5 exd5 30. Bxg7+ Kxg7 31. Qe5+ Qf6 32. Qxf6+ Rxf6 33.
Re5 Rc6 34. Re7+ Kf6 35. Rxb7 Rxc2 36. a5 Ke5 37. a6 Rc1+ 38. Kf2 Ra1 39. a7
Kd6 40. Rg7 g5 41. Ke2 Kc6 42. Kd2 Kb6 43. Kc2 Rxa7 44. Rg6+ Kc5 45. Rxh6 g4
46. Rh8 Rf7 47. Rc8+ Kd6 48. Rg8 Rf2+ 49. Kb3 Rxh2 50. Rxg4 Kc5 51. Rg3 1/2-1/2

[Event "Tch-CRO 1stA liga 2016"]
[Site "Sibenik"]
[Date "2016.10.14"]
[Round "7.3"]
[White "Vujakovic, Branko"]
[Black "Bozinovic, Bogdan"]
[Result "1/2-1/2"]
[WhiteElo "2360"]
[BlackElo "2207"]
[PlyCount "37"]
[EventDate "2016.??.??"]
[EventCountry "CRO"]

1. e4 c5 2. Nf3 d6 3. d4 cxd4 4. Nxd4 Nf6 5. Nc3 a6 6. Be2 Nbd7 7. f4 b5 8. a4
b4 9. Nd5 Bb7 10. Nxf6+ exf6 11. Bf3 Nc5 12. Qe2 Be7 13. O-O O-O 14. Nb3 d5 15.
exd5 Nxb3 16. cxb3 Bxd5 17. Rd1 Qb6+ 18. Be3 Bxf3 19. Qxf3 1/2-1/2

[Event "Tch-CRO 1stA liga 2016"]
[Site "Sibenik"]
[Date "2016.10.14"]
[Round "7.4"]
[White "Cheparinov, Ivan"]
[Black "Fedorchuk, Sergey A"]
[Result "1/2-1/2"]
[WhiteElo "2677"]
[BlackElo "2624"]
[PlyCount "84"]
[EventDate "2016.??.??"]
[EventCountry "CRO"]

1. c4 e5 2. Nc3 Nc6 3. Nf3 Bc5 4. e3 d6 5. a3 a6 6. d4 Ba7 7. dxe5 dxe5 8.
Qxd8+ Kxd8 9. b4 f6 10. Bb2 Nge7 11. O-O-O+ Ke8 12. Be2 Kf7 13. g4 h6 14. Nd2
Be6 15. Nde4 Rad8 16. h4 Rxd1+ 17. Rxd1 Rd8 18. Rg1 Ng6 19. h5 Nge7 20. Na4 Bb8
21. Nac5 Bc8 22. Nb3 Na7 23. a4 b6 24. Bc3 Bb7 25. Bf3 Bc6 26. Kb2 Bxa4 27. Ra1
Bd7 28. Rxa6 Be6 29. Be2 Bc8 30. Ra1 Bb7 31. Nbd2 Nac8 32. Bf3 Bc6 33. b5 Bd7
34. Ra6 c6 35. c5 Bc7 36. Nc4 bxc5 37. b6 Nxb6 38. Rxb6 Bxb6 39. Nxb6 Rb8 40.
Nd6+ Kg8 41. Ba5 Nd5 42. Ndc4 e4 1/2-1/2

[Event "Tch-CRO 1stA liga 2016"]
[Site "Sibenik"]
[Date "2016.10.14"]
[Round "7.4"]
[White "Georgiev, Kiril"]
[Black "Hracek, Zbynek"]
[Result "1/2-1/2"]
[WhiteElo "2613"]
[BlackElo "2594"]
[PlyCount "43"]
[EventDate "2016.??.??"]
[EventCountry "CRO"]

1. d4 Nf6 2. c4 e6 3. Nf3 d5 4. Nc3 Bb4 5. Qa4+ Nc6 6. e3 O-O 7. Bd2 dxc4 8.
Bxc4 Bd6 9. Qc2 e5 10. d5 Nb4 11. Qb1 c6 12. dxc6 Nxc6 13. O-O Bg4 14. Ng5 Bh5
15. Bd3 Bg6 16. Bxg6 hxg6 17. Rd1 Qe7 18. a3 Rad8 19. Be1 Rfe8 20. Nge4 Nxe4
21. Nxe4 Qe6 22. Nxd6 1/2-1/2

[Event "Tch-CRO 1stA liga 2016"]
[Site "Sibenik"]
[Date "2016.10.14"]
[Round "7.4"]
[White "Sulava, Nenad"]
[Black "Zovko, Mario"]
[Result "1/2-1/2"]
[WhiteElo "2459"]
[BlackElo "2323"]
[PlyCount "84"]
[EventDate "2016.??.??"]
[EventCountry "CRO"]

1. Nf3 d5 2. e3 Nf6 3. c4 e6 4. d4 c5 5. cxd5 exd5 6. Bb5+ Bd7 7. Bxd7+ Nbxd7
8. dxc5 Nxc5 9. O-O Be7 10. Nc3 O-O 11. b3 Nce4 12. Bb2 Rc8 13. Ne2 Qa5 14. a3
Rfd8 15. Nfd4 Qb6 16. f3 Nd6 17. Qd3 Nd7 18. Rab1 Nc5 19. Qd2 Bg5 20. Kh1 a5
21. Bc3 Ra8 22. Ng3 g6 23. Nde2 Ne8 24. Bd4 Qd6 25. Rfd1 Ne6 26. Bb2 Bf6 27.
Nc3 N6c7 28. Qe2 Qe6 29. Rd3 Ra6 30. Rbd1 Rad6 31. Qf2 Na6 32. Nb5 Nc5 33. R3d2
Rb6 34. Nd4 Qe7 35. b4 axb4 36. axb4 Na4 37. Ba1 Rxb4 38. Nge2 Nb6 39. Nf4 Nc4
40. Rd3 Ne5 41. R3d2 Nc4 42. Rd3 Ne5 1/2-1/2

[Event "Tch-CRO 1stA liga 2016"]
[Site "Sibenik"]
[Date "2016.10.14"]
[Round "7.4"]
[White "Mrdja, Milan"]
[Black "Zivkovic, Vjekoslav"]
[Result "1/2-1/2"]
[WhiteElo "2315"]
[BlackElo "2366"]
[PlyCount "110"]
[EventDate "2016.??.??"]
[EventCountry "CRO"]

1. e4 c5 2. Nf3 e6 3. c4 Nc6 4. Nc3 Nge7 5. d4 Nxd4 6. Nxd4 cxd4 7. Qxd4 Nc6 8.
Qe3 Be7 9. Be2 O-O 10. O-O b6 11. Rd1 Bc5 12. Qg3 d6 13. Bg5 f6 14. Be3 Qe7 15.
a3 e5 16. Nd5 Qf7 17. b4 Bxe3 18. fxe3 Be6 19. Rd2 Rad8 20. Rc1 Kh8 21. h3 Rd7
22. Kh2 Rc8 23. Rdd1 Rdd8 24. Qe1 Ne7 25. Qd2 h6 26. a4 Rd7 27. Ra1 Nc6 28. a5
bxa5 29. b5 Nd8 30. Rxa5 Rb8 31. Rda1 Bxd5 32. exd5 f5 33. Qc2 e4 34. Qc3 Nb7
35. Rxa7 Nc5 36. Ra8 Rxa8 37. Rxa8+ Kh7 38. Ra1 h5 39. h4 Re7 40. g3 Ra7 41.
Kg2 Kh6 42. Qb2 Qb7 43. Kf2 Qb6 44. Rxa7 Qxa7 45. b6 Qa6 46. Kg2 Kg6 47. Kg1
Kh6 48. Bf1 Kh7 49. Be2 Kh6 50. Qb1 Kg6 51. Kg2 Kh6 52. Qf1 Qxb6 53. Qxf5 g6
54. Qf8+ Kh7 55. Qf7+ Kh6 1/2-1/2

[Event "Tch-CRO 1stA liga 2016"]
[Site "Sibenik"]
[Date "2016.10.14"]
[Round "7.4"]
[White "Mrkonjic, Nenad"]
[Black "Rosandic, Denis"]
[Result "1-0"]
[WhiteElo "2353"]
[BlackElo "2232"]
[PlyCount "91"]
[EventDate "2016.??.??"]
[EventCountry "CRO"]

1. d4 d5 2. Nf3 Nf6 3. c4 dxc4 4. Nc3 a6 5. e4 b5 6. e5 Nd5 7. a4 e6 8. axb5
Nb6 9. bxa6 Rxa6 10. Be3 Be7 11. Be2 O-O 12. O-O Rxa1 13. Qxa1 Nc6 14. Na4 Na5
15. Nc5 Nc6 16. Qc1 Qd5 17. Rd1 f6 18. exf6 Bxf6 19. Qb1 Qf5 20. Qxf5 exf5 21.
d5 Nb4 22. d6 cxd6 23. Rxd6 N4d5 24. Ne6 Re8 25. Bxb6 Nxb6 26. Rxb6 Bxe6 27.
Rxe6 Rxe6 28. Bxc4 Kf7 29. Kf1 Ke7 30. Bxe6 Kxe6 31. b3 Kd5 32. Ke2 Kc5 33. Kd3
Kb4 34. Kc2 Kc5 35. h3 Kb4 36. Ne1 Kc5 37. Nd3+ Kd4 38. Nf4 Be5 39. Ne2+ Kd5
40. Kd3 Kc5 41. g3 g6 42. Nf4 Kb4 43. Kc2 Bd6 44. Nd3+ Kb5 45. Kc3 Be7 46. Kd4
1-0

[Event "Tch-CRO 1stA liga 2016"]
[Site "Sibenik"]
[Date "2016.10.14"]
[Round "7.4"]
[White "Zivkovic, Nikola"]
[Black "Feletar, Darko"]
[Result "0-1"]
[WhiteElo "2181"]
[BlackElo "2363"]
[PlyCount "82"]
[EventDate "2016.??.??"]
[EventCountry "CRO"]

1. e4 c5 2. Nf3 e6 3. d4 cxd4 4. Nxd4 a6 5. Nc3 d6 6. Bc4 Nf6 7. Bb3 Nc6 8. Be3
Qc7 9. Qe2 Be7 10. O-O-O O-O 11. Rhg1 Nd7 12. g4 Nxd4 13. Bxd4 Nc5 14. Kb1 Bd7
15. f4 b5 16. Qf3 b4 17. Ne2 a5 18. f5 a4 19. Bc4 Nxe4 20. Bd3 Ng5 21. Qf1 e5
22. h4 exd4 23. hxg5 Bxg5 24. Qh3 Rfe8 25. Rh1 h6 26. Nxd4 a3 27. Qf3 Qc5 28.
Be4 Rac8 29. Rd3 Bb5 30. Rdd1 Bd7 31. Rd3 Bf6 32. Rhd1 d5 33. Bxd5 Bxd4 34. Bb3
Bc6 35. Qh3 Bf6 36. g5 Bxg5 37. Rg3 Qe5 38. c3 Be4+ 39. Ka1 axb2+ 40. Kxb2
bxc3+ 41. Rxc3 Bf6 0-1

[Event "Tch-CRO 1stA liga 2016"]
[Site "Sibenik"]
[Date "2016.10.14"]
[Round "7.5"]
[White "Dreev, Aleksey"]
[Black "Ruck, Robert"]
[Result "1/2-1/2"]
[WhiteElo "2660"]
[BlackElo "2566"]
[PlyCount "37"]
[EventDate "2016.??.??"]
[EventCountry "CRO"]

1. d4 Nf6 2. Nf3 g6 3. g3 Bg7 4. Bg2 d5 5. c4 c6 6. Qb3 a5 7. cxd5 a4 8. Qd1
cxd5 9. Nc3 Qa5 10. Bd2 Qa6 11. Ne5 e6 12. e3 O-O 13. Bf1 Qa7 14. Bb5 Nfd7 15.
Nd3 a3 16. bxa3 Qxa3 17. O-O Nc6 18. Rb1 Rd8 19. Qb3 1/2-1/2

[Event "Tch-CRO 1stA liga 2016"]
[Site "Sibenik"]
[Date "2016.10.14"]
[Round "7.5"]
[White "Plenkovic, Zdenko"]
[Black "Rubil, Marko"]
[Result "1-0"]
[WhiteElo "2405"]
[BlackElo "2306"]
[PlyCount "75"]
[EventDate "2016.??.??"]
[EventCountry "CRO"]

1. g3 d5 2. Bg2 e5 3. d4 e4 4. c4 c6 5. Nc3 Bb4 6. Nh3 Ne7 7. Qb3 Na6 8. Nf4
dxc4 9. Qxc4 b5 10. Qb3 Qxd4 11. O-O Nc5 12. Qc2 Bf5 13. Be3 Qe5 14. Nxb5 cxb5
15. a3 Rc8 16. axb4 Na4 17. Qb1 O-O 18. h4 Rc4 19. b3 Rxb4 20. Qa2 Nc3 21. Qxa7
Rc8 22. Rfc1 h6 23. Qa3 Qd6 24. Rc2 g5 25. Rd2 Qe5 26. Qxb4 gxf4 27. Bd4 Ned5
28. Qxc3 Qb8 29. Qb2 fxg3 30. fxg3 e3 31. Be5 exd2 32. Bxb8 Rc2 33. Qe5 Rc1+
34. Kh2 d1=Q 35. Rxc1 Qxc1 36. Bxd5 Bg6 37. Qe8+ Kh7 38. Be5 1-0

[Event "Tch-CRO 1stA liga 2016"]
[Site "Sibenik"]
[Date "2016.10.14"]
[Round "7.5"]
[White "Dabo-Peranic, Robert"]
[Black "Loncar, Robert"]
[Result "1-0"]
[WhiteElo "2332"]
[BlackElo "2380"]
[PlyCount "77"]
[EventDate "2016.??.??"]
[EventCountry "CRO"]

1. d4 d5 2. c4 e6 3. Nc3 c6 4. Nf3 Nf6 5. g3 dxc4 6. Bg2 b5 7. O-O Bb7 8. b3
Bb4 9. Qc2 cxb3 10. axb3 Nbd7 11. Rd1 Qb6 12. Ne5 Rd8 13. Nd3 Be7 14. b4 a6 15.
e4 O-O 16. h3 Ra8 17. g4 Rfd8 18. g5 Ne8 19. Be3 Qc7 20. e5 a5 21. bxa5 Rxa5
22. Rxa5 Qxa5 23. Ne4 b4 24. Nf4 Qa3 25. Rb1 Ra8 26. h4 Qa2 27. Rb2 Qa4 28. Rb3
Nb6 29. Nf6+ gxf6 30. gxf6 Bf8 31. Be4 Qa7 32. Bxh7+ Kh8 33. Ng6+ fxg6 34. Qxg6
Qa1+ 35. Kh2 Nxf6 36. exf6 Bd6+ 37. Bf4 Bxf4+ 38. Rg3 Bxg3+ 39. Qxg3 1-0

[Event "Tch-CRO 1stA liga 2016"]
[Site "Sibenik"]
[Date "2016.10.14"]
[Round "7.5"]
[White "Ribicic, Mate"]
[Black "Martic, Zlatko"]
[Result "0-1"]
[WhiteElo "2287"]
[BlackElo "2284"]
[PlyCount "58"]
[EventDate "2016.??.??"]
[EventCountry "CRO"]

1. g3 e5 2. Bg2 Nc6 3. d3 Bc5 4. Nf3 d6 5. O-O f5 6. c3 Bb6 7. b4 Nf6 8. Na3 a6
9. Nc4 Ba7 10. a4 e4 11. dxe4 fxe4 12. Nd4 Bxd4 13. cxd4 Nxb4 14. Ba3 Nbd5 15.
Qb3 O-O 16. Nd2 Be6 17. Nxe4 Nf4 18. Nxf6+ Qxf6 19. d5 Nxe2+ 20. Kh1 Bg4 21.
Bb2 Qh6 22. a5 Rae8 23. Ra4 Qh5 24. Rc4 Re7 25. f4 Bh3 26. Qf3 Bg4 27. Qd3 Rfe8
28. Bf3 Nxg3+ 29. Kg1 Nxf1 0-1

[Event "Tch-CRO 1stA liga 2016"]
[Site "Sibenik"]
[Date "2016.10.15"]
[Round "8.1"]
[White "Saric, Ivan"]
[Black "Ivanisevic, Ivan"]
[Result "0-1"]
[WhiteElo "2666"]
[BlackElo "2641"]
[PlyCount "62"]
[EventDate "2016.??.??"]
[EventCountry "CRO"]

1. e4 e5 2. Nf3 Nc6 3. Bb5 Bc5 4. c3 Nf6 5. d4 exd4 6. e5 Ne4 7. O-O d5 8. cxd4
Bb6 9. Be3 O-O 10. Bxc6 bxc6 11. Qc2 f5 12. Qxc6 Rb8 13. Nc3 Bb7 14. Qa4 f4 15.
Bc1 Kh8 16. Ne2 g5 17. h3 Qc8 18. Nd2 c5 19. Nxe4 dxe4 20. d5 Bxd5 21. Nc3 Bc6
22. Qc4 Qf5 23. b4 e3 24. Bb2 exf2+ 25. Rxf2 cxb4 26. Nd1 Qe4 27. Qf1 f3 28. g3
Qe2 29. e6+ Kg8 30. Kh2 Bxf2 31. Qxf2 Rbd8 0-1

[Event "Tch-CRO 1stA liga 2016"]
[Site "Sibenik"]
[Date "2016.10.15"]
[Round "8.1"]
[White "Dreev, Aleksey"]
[Black "Predojevic, Borki"]
[Result "1/2-1/2"]
[WhiteElo "2660"]
[BlackElo "2640"]
[PlyCount "143"]
[EventDate "2016.??.??"]
[EventCountry "CRO"]

1. d4 Nf6 2. Nf3 e6 3. c4 Bb4+ 4. Nbd2 O-O 5. a3 Be7 6. g3 b6 7. Bg2 Bb7 8. O-O
c5 9. e3 cxd4 10. exd4 d5 11. b3 Nc6 12. Bb2 Rc8 13. Rc1 dxc4 14. bxc4 Na5 15.
Re1 Rc7 16. Qe2 Qc8 17. Bf1 Rd8 18. Ng5 Ba6 19. Qd3 h6 20. Ngf3 Ne8 21. Ne5 Nd6
22. Qe2 Bg5 23. f4 Bf6 24. Ng4 Naxc4 25. Nxf6+ gxf6 26. Nxc4 Nxc4 27. Ba1 Rd5
28. Bg2 Qd8 29. f5 Rxf5 30. d5 Rxd5 31. Bxd5 Qxd5 32. Rcd1 Qc5+ 33. Bd4 Qg5 34.
Ba1 Qc5+ 35. Bd4 Qg5 36. Ba1 e5 37. Bc3 Kg7 38. Bb4 Bc8 39. Rd8 a5 40. Bf8+ Kh7
41. Be7 Bf5 42. Re8 e4 43. Rf1 Qe3+ 44. Rf2 Qxe2 45. Rxe2 Kg7 46. g4 Bg6 47.
Bf8+ Kh7 48. h4 e3 49. Kg2 Rc6 50. R8xe3 Nxe3+ 51. Rxe3 h5 52. gxh5 Bxh5 53.
Be7 f5 54. Bg5 f6 55. Bf4 Rc4 56. Kg3 a4 57. Re6 Rc3+ 58. Be3 Bf7 59. Re7 Kg6
60. Kf4 Rc4+ 61. Kg3 Bd5 62. Bxb6 Rg4+ 63. Kh3 Bg2+ 64. Kh2 Bf1 65. Re1 Rxh4+
66. Kg3 Rh3+ 67. Kf2 Bc4 68. Re3 Rh2+ 69. Kg3 Rd2 70. Kf4 Bd3 71. Ba5 Rd1 72.
Re1 1/2-1/2

[Event "Tch-CRO 1stA liga 2016"]
[Site "Sibenik"]
[Date "2016.10.15"]
[Round "8.1"]
[White "Markus, Robert"]
[Black "Lalic, Bogdan"]
[Result "1/2-1/2"]
[WhiteElo "2649"]
[BlackElo "2438"]
[PlyCount "142"]
[EventDate "2016.??.??"]
[EventCountry "CRO"]

1. Nf3 Nf6 2. g3 b6 3. Bg2 Bb7 4. O-O g6 5. c4 c5 6. d3 Nc6 7. e4 Bg7 8. e5 Ng4
9. Re1 Qc8 10. Bf4 f6 11. exf6 Nxf6 12. d4 cxd4 13. Nxd4 O-O 14. Nc3 Nxd4 15.
Bxb7 Qxb7 16. Qxd4 Rf7 17. Rad1 Rc8 18. b3 Rc5 19. Ne4 Nxe4 20. Qxe4 Qxe4 21.
Rxe4 d6 22. Be3 Rc7 23. Kf1 Rf5 24. Ke2 Rh5 25. h4 Ra5 26. a4 h5 27. Rd3 Kf7
28. Bd2 Rf5 29. Rf4 Rxf4 30. Bxf4 Ke6 31. Be3 Rb7 32. Rd5 a6 33. f4 Bf6 34. Kf3
Kd7 35. f5 e6 36. fxe6+ Kxe6 37. Bf4 Be7 38. Ke4 Rc7 39. Be3 Rc6 40. Bd4 Bd8
41. Kd3 Rc8 42. Be3 Bc7 43. Rg5 Rg8 44. Bd2 Bd8 45. Rd5 Rf8 46. Bf4 Be7 47. Ke4
Rf5 48. Rd1 Kd7 49. b4 Ke6 50. Rd5 Rxd5 51. cxd5+ Kd7 52. b5 axb5 53. axb5 Bf6
54. Be3 Kc7 55. Kf4 Bd8 56. Bf2 Kd7 57. g4 hxg4 58. Kxg4 Ke8 59. Bg3 Be7 60. h5
gxh5+ 61. Kxh5 Kf7 62. Kg4 Ke8 63. Bf2 Bd8 64. Kf5 Kd7 65. Be3 Bc7 66. Kf6 Bd8+
67. Kf7 Bc7 68. Bg5 Bb8 69. Be3 Bc7 70. Bd4 Bd8 71. Be3 Bc7 1/2-1/2

[Event "Tch-CRO 1stA liga 2016"]
[Site "Sibenik"]
[Date "2016.10.15"]
[Round "8.1"]
[White "Plenkovic, Zdenko"]
[Black "Jovanovic, Zoran"]
[Result "1/2-1/2"]
[WhiteElo "2405"]
[BlackElo "2526"]
[PlyCount "114"]
[EventDate "2016.??.??"]
[EventCountry "CRO"]

1. g3 g6 2. Bg2 Bg7 3. d4 c5 4. Nf3 cxd4 5. Nxd4 Nc6 6. Nb3 d6 7. O-O Nf6 8. c4
Be6 9. c5 d5 10. Nc3 Qd7 11. Bg5 Rd8 12. Qc1 d4 13. Rd1 Nd5 14. Nb5 h6 15. e4
Nc7 16. Nxc7+ Qxc7 17. Bf4 Qc8 18. h4 Bh3 19. Bh1 g5 20. hxg5 hxg5 21. Bxg5 Qg4
22. Qf4 f6 23. Qxg4 Bxg4 24. Bh4 Bxd1 25. Rxd1 d3 26. e5 fxe5 27. Bg5 e4 28.
Bc1 e3 29. Bxe3 Bxb2 30. Be4 Kf7 31. Kg2 Bc3 32. Rxd3 Rxd3 33. Bxd3 Rd8 34. Be4
Rd7 35. f4 Nb4 36. Na5 Nc2 37. Bxc2 Bxa5 38. Kf3 Rc7 39. Bb3+ Kf8 40. Ke4 b6
41. cxb6 Bxb6 42. Bd2 Rd7 43. Bc3 Rc7 44. Be5 Rc1 45. Kf5 Bc7 46. Bd4 Bb6 47.
Bb2 Rg1 48. g4 Rb1 49. Be5 Re1 50. Bc3 Re3 51. Bh8 Rh3 52. Bb2 Rh2 53. Be5 Re2
54. g5 Rxe5+ 55. Kxe5 Be3 56. Kf5 Bd2 57. Be6 Bc1 1/2-1/2

[Event "Tch-CRO 1stA liga 2016"]
[Site "Sibenik"]
[Date "2016.10.15"]
[Round "8.1"]
[White "Kovacevic, Blazimir"]
[Black "Loncar, Robert"]
[Result "1/2-1/2"]
[WhiteElo "2478"]
[BlackElo "2380"]
[PlyCount "44"]
[EventDate "2016.??.??"]
[EventCountry "CRO"]

1. Nf3 d5 2. c4 dxc4 3. e3 g6 4. Bxc4 Bg7 5. d4 Nf6 6. O-O O-O 7. Nc3 Ne8 8. h3
Nd6 9. Bb3 b5 10. Bd2 a5 11. a3 Bb7 12. Rc1 Nd7 13. Nd5 c6 14. Nf4 Ne4 15. Qe2
e5 16. dxe5 Nxe5 17. Nxe5 Bxe5 18. Be1 Qe7 19. Nd3 Bc7 20. f3 Qd6 21. fxe4 Qh2+
22. Kf2 Qg3+ 1/2-1/2

[Event "Tch-CRO 1stA liga 2016"]
[Site "Sibenik"]
[Date "2016.10.15"]
[Round "8.1"]
[White "Doric, Nenad"]
[Black "Plenca, Jadranko"]
[Result "1/2-1/2"]
[WhiteElo "2246"]
[BlackElo "2412"]
[PlyCount "37"]
[EventDate "2016.??.??"]
[EventCountry "CRO"]

1. e4 e5 2. Nf3 Nc6 3. d4 exd4 4. Nxd4 Bc5 5. Nxc6 Qf6 6. Qf3 dxc6 7. Bc4 Qg6
8. h3 Ne7 9. O-O Be6 10. Bxe6 fxe6 11. Nd2 O-O-O 12. Qe2 Rhf8 13. Nb3 Bb6 14.
a4 Qg3 15. Be3 Bxe3 16. Qxe3 Qxe3 17. fxe3 Ng6 18. Nd4 Kd7 19. Rxf8 1/2-1/2

[Event "Tch-CRO 1stA liga 2016"]
[Site "Sibenik"]
[Date "2016.10.15"]
[Round "8.2"]
[White "Ruck, Robert"]
[Black "Georgiev, Kiril"]
[Result "1/2-1/2"]
[WhiteElo "2566"]
[BlackElo "2613"]
[PlyCount "20"]
[EventDate "2016.??.??"]
[EventCountry "CRO"]

1. Nf3 Nf6 2. g3 b6 3. Bg2 Bb7 4. O-O e6 5. c4 Be7 6. Nc3 O-O 7. d4 Ne4 8. Nxe4
Bxe4 9. Ne1 Bxg2 10. Nxg2 d5 1/2-1/2

[Event "Tch-CRO 1stA liga 2016"]
[Site "Sibenik"]
[Date "2016.10.15"]
[Round "8.2"]
[White "Rubil, Marko"]
[Black "Mrdja, Milan"]
[Result "1/2-1/2"]
[WhiteElo "2306"]
[BlackElo "2315"]
[PlyCount "30"]
[EventDate "2016.??.??"]
[EventCountry "CRO"]

1. e4 e5 2. Nf3 Nf6 3. Nxe5 d6 4. Nf3 Nxe4 5. d4 Be7 6. Be2 O-O 7. O-O d5 8.
Re1 c6 9. c4 Nf6 10. Nc3 dxc4 11. Bxc4 Nbd7 12. Bg5 Nb6 13. Bb3 Nfd5 14. Bxe7
Nxe7 15. Qd2 Ned5 1/2-1/2

[Event "Tch-CRO 1stA liga 2016"]
[Site "Sibenik"]
[Date "2016.10.15"]
[Round "8.3"]
[White "Repka, Christopher"]
[Black "Cheparinov, Ivan"]
[Result "0-1"]
[WhiteElo "2473"]
[BlackElo "2677"]
[PlyCount "50"]
[EventDate "2016.??.??"]
[EventCountry "CRO"]

1. d4 f5 2. Bg5 g6 3. h4 Bg7 4. Nc3 Nc6 5. Nf3 h6 6. Bf4 d6 7. d5 e5 8. dxc6
exf4 9. Qd5 bxc6 10. Qxc6+ Bd7 11. Qc4 Nf6 12. Qxf4 Rb8 13. Rb1 O-O 14. e3 d5
15. Nd1 Nh5 16. Qh2 f4 17. Be2 Qe7 18. O-O Rbe8 19. Nc3 c6 20. Bd3 fxe3 21.
fxe3 Qxe3+ 22. Kh1 Be5 23. Nxe5 Rxf1+ 24. Rxf1 Rxe5 25. Rf3 Qe1+ 0-1